000 00505nam a2200193Ia 4500
005 20250423101247.0
008 250422s9999 xx 000 0 und d
020 _a0340-60012-8
050 _aPE 1106 .B56/
100 _aBloor, Thomas
245 4 _aThe functional analysis of English : a Hallidayan approach
250 _a2nd ed.
260 _aLondon
260 _bArnold
260 _c2004
300 _a278 p
650 _a English language _ Grammar Functionalism (Linguistics)
942 _cBK
999 _c35776
_d35776